00539nam a2200145Ia 4500008004100000100002500041245009200066245002500158260005900183650001800242650001500260856002600275999001900301952007300320170221s9999 xx 000 0 und d aRamalingam Subramani 4aThe Academic Usage of Social Networking Sites by the University Students of Tamil Nadu  cRamalingam Subramani bOnline Journal of Communication and Media Technologies xCommunication xMedia Arts uhttp://www.ojcmt.net/ c312822d312822 001040aCLbCLd2017-02-21l0r2017-02-21 00:00:00w2017-02-21yFOJ